First insights into business : teacher's book /

Hlavní autor: Robbins, Sue
Jazyk: Angličtina
Vydáno: Harlow : Longman, 2000
Témata:
Fyzický popis: 96 s. : il. ; 28 cm + sada 2 kompaktních disků CD-A 645
Knihy
Uloženo v:
LEADER 01011nam a2200289 a 4500
001 000994551
003 CZ BrMZK
005 20201027090129.0
007 ta
008 010825s2000 xxka e f 000 0 eng
020 |a 0582334403  |q (brož.) 
040 |a BOA001  |b cze 
072 7 |a 811.111  |x Angličtina  |2 Konspekt  |9 11 
080 |a 811.111  |2 MRF 
080 |a 339  |2 MRF 
080 |a (072)  |2 MRF 
100 1 |a Robbins, Sue  |7 pna2007397349  |4 aut 
245 1 0 |a First insights into business :  |b teacher's book /  |c Sue Robbins 
260 |a Harlow :  |b Longman,  |c 2000 
300 |a 96 s. :  |b il. ;  |c 28 cm +  |e sada 2 kompaktních disků CD-A 645 
650 0 7 |a angličtina  |7 ph114056  |2 czenas 
650 0 7 |a obchod  |7 ph115513  |2 czenas 
655 7 |a metodické příručky  |7 fd132826  |2 czenas 
910 |a BOA001  |b AK-0004.582,3 
990 |a BK 
991 |b 200911  |y British Council Brno - Czech Republic  |z 000043119  |x 99 
996 7 |b 261E004686  |c AK-0004.582,3  |l Anglická knihovna/2.patro  |r ZHR  |n 30  |h EB 4  |w 000994551  |u 000020  |a 0  |e BOA001  |j MZK50  |s A